000 00708nam a2200193Ia 4500
003 GCL
008 140319s9999 xx 000 0 ara d
040 _aGCL /
_cGCL
082 0 4 _a347
_bع ن
100 1 _aعبدالفتاح مصطفى الصيفى
245 1 0 _aالنظرية العامة للقاعدة الاجرائية الجنائية /
_cعبدالفتاح مصطفى الصيفى
260 _a[S.N] :
_bجامعة بيروت العربية ،
_c1974
300 _a169 ص
490 _aجامعة بيروت العربية
_v0
650 0 4 _aالقانون الجنائى
650 0 4 _aالاجراءات الجنائية
650 0 4 _aالقوانين والتشريعات
942 _2ddc
_cBK
999 _c36700
_d36700